000 00320nam a2200133Ia 4500
008 240624s9999 xx 000 0 und d
041 _aeng
082 _a920 SAN
100 _aSANGHVI VIR
245 _aLIFE MADHAVRAO SCINDIA
260 _c2009
_aNew Delhi
_bPenguin Books India
300 _a355 : p.
365 _cRS
_b25
999 _c18185
_d18185